Szczegóły MARC21

Hotelarstwo w gospodarce turystycznej /

003 -Nazwa inst., której nr kontr. jest w polu 001 [,]
    • @
    • Nazwa instytucji, której n kontrolny jest w polu 001
    • NUKAT
005 -DATA I CZAS OSTATNIEJ MODYFIKACJI [,]
    • @
    • pole kontrolne
    • 20241231112119.0
020 -Międzynarod. znormalizowany nr książki - ISBN [ , ]
    • a
    • Numer ISBN
    • 8386990759 Find
040 -Instytucja sporządzająca opis [ , ]
    • a
    • Instytucja, która sporządziła opis (NP)
    • KR 122/TZ
    • c
    • Instytucja, która sporządziła rekord (NP)
    • KR 122/TZ
    • d
    • Instytucja, która zmodyfikowała rekord (P)
    • KR 122/MN
    • d
    • Instytucja, która zmodyfikowała rekord (P)
    • LUBL U/PAs
942 -Rodzaj dokumentu [ , ]
    • c
    • Rodzaj dokumentu
    • Książka
100 -Hasło główne - nazwa osobowa [1, ]
    • a
    • Nazwa osobowa (NP)
    • Witkowski, Czesław
    • c
    • Dopowiedzenie inne niż daty biograficzne (P)
    • (ekonomia).
    • 9
    • KHW
    • 601432
245 -Strefa tytułu i oznaczenia odpowiedzialności [1,0]
    • a
    • Tytuł
    • Hotelarstwo w gospodarce turystycznej / Find
    • c
    • Pozostałe elementy strefy tytułu i oznaczenia odpowiedzialności (NP)
    • Czesław Witkowski, Magdalena Kachniewska.
260 -Strefa adresu wydawniczego [ , ]
    • a
    • Miejsce wydania (P)
    • Warszawa :
    • b
    • Nazwa wydawcy (P)
    • Wyższa Szkoła Ekonomiczna,
    • c
    • Data wydania (P)
    • 2005.
300 -Strefa opisu fizycznego [ , ]
    • a
    • Określenie formy książki i/lub objętość (NP)
    • 292, [1] s. :
    • b
    • Oznaczenie ilustracji (NP)
    • 1 wykr., il. ;
    • c
    • Format (NP)
    • 24 cm.
336 -Typ zawartości [ , ]
    • a
    • Termin opisujący typ zawartości
    • Tekst
    • b
    • Kod określający zawartość
    • txt
    • 2
    • Źródło (terminu i kodu)
    • rdacontent
337 -Typ mediów [ , ]
    • a
    • Tryb odtwarzania
    • Bez urządzenia pośredniczącego
    • b
    • Kod typu mediów
    • n
    • 2
    • Źródło (terminu i kodu)
    • rdamedia
338 -Typ/rodzaj nośnika [ , ]
    • a
    • Hasło opisujące typ nośnika
    • Wolumin
    • b
    • Kod typu nośnika
    • nc
    • 2
    • Źródło (terminu i kodu)
    • rdacarrier
490 -Strefa serii i książki wielotomowej - forma nie do wyszukiwania [1, ]
    • a
    • Tytuł (P)
    • Hotelarstwo / Czesław Witkowski ; Find
    • v
    • Numeracja (P)
    • cz. 3
504 -Uwaga dot. bibliogr. załącznikowej [ , ]
    • a
    • Uwaga dot. bibliografii załącznikowej
    • Bibliogr. s. 167-173.
080 -Uniwersalna Klasyfikacja Dziesiętna [ , ]
    • 2
    • Identyfikator wydania tablic
    • UDC-P022
    • a
    • Symbol klasyfikacji
    • 640.41/.42
    • b
    • Dopowiedzenie
    • Hotele. Motele. Pensjonaty. Mieszkania i pokoje do wynajęcia. Hotelarstwo.
    • x
    • Poddział wspólny
    • (07)
    • b
    • Dopowiedzenie
    • (Wydawnictwa dydaktyczne. Podręczniki).
650 -Hasło przedmiotowe [ ,7]
    • a
    • Hasło przedmiotowe
    • Hotele
    • x
    • Określnik rzeczowy
    • prawo
    • z
    • Określnik geograficzny
    • Polska
    • x
    • Określnik rzeczowy
    • legislacja.
    • 2
    • Źródło terminu
    • kaba
    • 9
    • KHW
    • 522493
650 -Hasło przedmiotowe [ ,7]
    • a
    • Hasło przedmiotowe
    • Hotele
    • x
    • Określnik rzeczowy
    • aspekt ekonomiczny.
    • 2
    • Źródło terminu
    • kaba
    • 9
    • KHW
    • 372259
650 -Hasło przedmiotowe [ ,7]
    • a
    • Hasło przedmiotowe
    • Hotele
    • x
    • Określnik rzeczowy
    • zarządzanie
    • z
    • Określnik geograficzny
    • Polska.
    • 2
    • Źródło terminu
    • kaba
    • 9
    • KHW
    • 674609
650 -Hasło przedmiotowe [ ,7]
    • a
    • Hasło przedmiotowe
    • Hotele
    • x
    • Określnik rzeczowy
    • aspekt środowiskowy.
    • 2
    • Źródło terminu
    • kaba
    • 9
    • KHW
    • 370580
650 -Hasło przedmiotowe [ ,7]
    • a
    • Hasło przedmiotowe
    • Marketing turystyczny
    • z
    • Określnik geograficzny
    • Polska.
    • 2
    • Źródło terminu
    • kaba
    • 9
    • KHW
    • 387478
980 -Symbol UKD [ , ]
    • a
    • UKD
    • 640.41/.42(07)
700 -Hasło dodatkowe - nazwa osobowa [1, ]
    • a
    • Nazwa osobowa (NP)
    • Kachniewska, Magdalena. Find
    • 9
    • KHW
    • 18498
800 -Hasło dodatkowe opisu książki wielotomowej - nazwa osobowa [1, ]
    • a
    • Nazwa osobowa (NP)
    • Witkowski, Czesław
    • c
    • Dopowiedzenie inne niż daty biograficzne (P)
    • (ekonomia).
    • t
    • Tytuł ujednolicony/tytuł (NP)
    • Hotelarstwo
    • v
    • Oznaczenie tomu (NP)
    • cz. 3
    • 9
    • KHW
    • 601433
920 -ISBN [ , ]
    • a
    • ISBN
    • 83-86990-75-9 Find
Status udost. Numer inwentarzowy Sygnatura Data inwentaryzacji Lokalizacja
-3TM.5727TM.57272008-05-26BE
-3TM.5728TM.57282008-05-26BE
1Z.113541 2009-11-06BG
-2GW.71083382016-03-16GW
-2T.9974T.99742008-04-22T
-6TM.5726 2008-05-26T